000 00528 a2200193 4500
005 20260203161214.0
008 260203b |||||||| |||| 00| 0 eng d
020 _a9789366271880
_cRs. 1995.00
040 _aMAIN
082 _a709.54
_bF884A
100 _aFreitag, Sandria B
245 _aActs of seeing, ways of knowing: Visual culture in the making of modern India
260 _bPrimus Books
_c2025
_aDelhi
300 _axxiv, 407
650 _aArt
650 _aVisual Arts
650 _aIndian Culture
942 _cBK
999 _c395982
_d395982